| 000 | 01103njm a22002657a 4500 | ||
|---|---|---|---|
| 005 | 20100903122040.0 | ||
| 006 | a|||||r|||||00| 0 | ||
| 007 | sd ammalaaahaa | ||
| 008 | 100903t xxu||||| |||| 00| 0 eng d | ||
| 028 |
_aFT-17674 _bThe Twin |
||
| 035 | _aGR-00428 | ||
| 040 |
_aSED _cSED |
||
| 100 |
_917690 _aMahmood,Talat |
||
| 245 |
_aDevdas / _cby Talat Mahmood; music by S D Burman ; lyric by Sahir _h[Sound Recording] : |
||
| 246 | _aदेव्ड्स / तलत महमूद द्वारा | ||
| 260 |
_aDum Dum India _bThe Twin _cn.d. |
||
| 300 |
_a1 sound disc (Gramophone Recording) _banalog 33 1/3 rpm _c9.5 in. (MP) _fGramophone Record |
||
| 500 | _aBrief Record | ||
| 505 | _aSide -1 किसकी खबर थी(Kiski khabar thi)Side 2 लगोरे यह कैसी (lagore they kaisee) ( Talat Mahmood) | ||
| 650 |
_a Classical Music _xExcerpts _zIndia _917691 |
||
| 700 |
_918044 _aBurman,S D |
||
| 700 |
_918068 _aSahir |
||
| 942 |
_2ddc _cGR |
||
| 999 |
_c43646 _d43646 |
||